000 00653nam a2200241 i 4500
001 C2-0115887
003 PPAK
005 20180727105502.0
008 970719s1994 my |||| ||||| | may d
020 _a983901787X ; 9789839017878
040 _aPPAK
_beng
_cPPAK
_erda
082 0 4 _a297.52
_223
090 0 0 _a297.52
_bROH
_dG
245 0 0 _aRoh sembahyang
264 1 _aKuala Lumpur :
_bDarul Nu'man ,
_c1994
300 _axiii, 128 pages ;
_c20 cm
336 _2rdacontent
_atext
337 _2rdamedia
_aunmediated
338 _2rdacarrier
_avolume
650 1 0 _aPrayer - Islam.
700 0 _aAbdul Rahman Mat Ismail,
_ecompile
942 _ddc
_cB
999 _c30203
_d30203